MARC details
| 000 -LEADER |
| fixed length control field |
02525cas a2200553 a 4500 |
| 001 - CONTROL NUMBER |
| control field |
16880507 |
| 003 - CONTROL NUMBER IDENTIFIER |
| control field |
LC |
| 005 - DATE AND TIME OF LATEST TRANSACTION |
| control field |
20170213160640.0 |
| 008 - FIXED-LENGTH DATA ELEMENTS--GENERAL INFORMATION |
| fixed length control field |
110720c20089999nyubr 0 a0eng |
| 010 ## - LIBRARY OF CONGRESS CONTROL NUMBER |
| LC control number |
2011203359 |
| 022 0# - INTERNATIONAL STANDARD SERIAL NUMBER |
| International Standard Serial Number |
2163-9302 |
| Source |
1 |
| 035 ## - SYSTEM CONTROL NUMBER |
| System control number |
(OCoLC)ocn503575385 |
| 037 ## - SOURCE OF ACQUISITION |
| Source of stock number/acquisition |
Barron's Educational Series, Inc., 250 Wireless Blvd., Hauuppauge, NY 11788 |
| 040 ## - CATALOGING SOURCE |
| Original cataloging agency |
LKR |
| Language of cataloging |
eng |
| Transcribing agency |
LKR |
| Modifying agency |
VP@ |
| -- |
DLC |
| -- |
OCLCO |
| -- |
BDX |
| -- |
OCLCF |
| -- |
OCLCO |
| 042 ## - AUTHENTICATION CODE |
| Authentication code |
pcc |
| -- |
nsdp |
| 050 00 - LIBRARY OF CONGRESS CALL NUMBER |
| Classification number |
PR87 |
| Item number |
.B2652 2016 |
| 082 10 - DEWEY DECIMAL CLASSIFICATION NUMBER |
| Classification number |
378.1 |
| 100 ## - MAIN ENTRY--PERSONAL NAME |
| Personal name |
Ehrenhaft, George |
| 222 #0 - KEY TITLE |
| Key title |
Barron's AP English literature and composition |
| Qualifying information |
(Print) |
| 245 00 - TITLE STATEMENT |
| Title |
Barron's AP English literature and composition. |
| 246 1# - VARYING FORM OF TITLE |
| Title proper/short title |
Barron's advanced placement English literature and composition |
| 246 1# - VARYING FORM OF TITLE |
| Title proper/short title |
Advanced placement English literature and composition |
| 246 1# - VARYING FORM OF TITLE |
| Title proper/short title |
Advanced placement test in English literature and composition |
| 246 1# - VARYING FORM OF TITLE |
| Title proper/short title |
Barron's how to prepare for the AP English literature and composition |
| 246 1# - VARYING FORM OF TITLE |
| Title proper/short title |
AP English literature and composition |
| 260 ## - PUBLICATION, DISTRIBUTION, ETC. (IMPRINT) |
| Place of publication, distribution, etc |
Hauppauge, N.Y. : |
| Name of publisher, distributor, etc |
Barron's Educational Series |
| Date of publication, distribution, etc |
2016 |
| 300 ## - PHYSICAL DESCRIPTION |
| Extent |
v. : |
| Other physical details |
ill. ; |
| Dimensions |
28 cm. |
| 362 1# - DATES OF PUBLICATION AND/OR SEQUENTIAL DESIGNATION |
| Dates of publication and/or sequential designation |
Began in 2008. |
| 500 ## - GENERAL NOTE |
| General note |
By: George Ehrenhaft. |
| 650 #0 - SUBJECT ADDED ENTRY--TOPICAL TERM |
| Topical term or geographic name as entry element |
English literature |
| Form subdivision |
Examinations, questions, etc. |
| -- |
Study guides |
| -- |
Periodicals. |
| 650 #0 - SUBJECT ADDED ENTRY--TOPICAL TERM |
| Topical term or geographic name as entry element |
English language |
| General subdivision |
Composition and exercises |
| -- |
Examinations |
| Form subdivision |
Study guides |
| -- |
Periodicals. |
| 650 #0 - SUBJECT ADDED ENTRY--TOPICAL TERM |
| Topical term or geographic name as entry element |
Advanced placement programs (Education) |
| General subdivision |
Examinations |
| Form subdivision |
Study guides |
| -- |
Periodicals. |
| 650 #0 - SUBJECT ADDED ENTRY--TOPICAL TERM |
| Topical term or geographic name as entry element |
College entrance achievement tests |
| Geographic subdivision |
United States |
| General subdivision |
Study guides |
| Form subdivision |
Periodicals. |
| 650 #7 - SUBJECT ADDED ENTRY--TOPICAL TERM |
| Topical term or geographic name as entry element |
Advanced placement programs (Education) |
| General subdivision |
Examinations. |
| Source of heading or term |
fast |
| 650 #7 - SUBJECT ADDED ENTRY--TOPICAL TERM |
| Topical term or geographic name as entry element |
College entrance achievement tests. |
| Source of heading or term |
fast |
| 650 #7 - SUBJECT ADDED ENTRY--TOPICAL TERM |
| Topical term or geographic name as entry element |
English language |
| General subdivision |
Composition and exercises |
| -- |
Examinations. |
| Source of heading or term |
fast |
| 650 #7 - SUBJECT ADDED ENTRY--TOPICAL TERM |
| Topical term or geographic name as entry element |
English literature. |
| Source of heading or term |
fast |
| 651 #7 - SUBJECT ADDED ENTRY--GEOGRAPHIC NAME |
| Geographic name |
United States. |
| Source of heading or term |
fast |
| 655 #7 - INDEX TERM--GENRE/FORM |
| Genre/form data or focus term |
Periodicals. |
| Source of term |
fast |
| 655 #7 - INDEX TERM--GENRE/FORM |
| Genre/form data or focus term |
Study guides. |
| Source of term |
fast |
| 700 1# - ADDED ENTRY--PERSONAL NAME |
| Personal name |
Ehrenhaft, George. |
| 710 2# - ADDED ENTRY--CORPORATE NAME |
| Corporate name or jurisdiction name as entry element |
Barron's Educational Series, Inc. |
| 775 08 - OTHER EDITION ENTRY |
| Display text |
Also issued with CD-ROM: |
| Title |
Barron's AP English literature and composition |
| International Standard Serial Number |
2163-9310 |
| Record control number |
(DLC) 2011203360 |
| -- |
(OCoLC)754623128 |
| 780 00 - PRECEDING ENTRY |
| Title |
Barron's how to prepare for the AP English literature and composition |
| Record control number |
(OCoLC)55136363 |
| 906 ## - LOCAL DATA ELEMENT F, LDF (RLIN) |
| a |
7 |
| b |
cbc |
| c |
seraast |
| d |
2 |
| e |
ncip |
| f |
20 |
| g |
n-oclcserc |
| 942 ## - ADDED ENTRY ELEMENTS (KOHA) |
| Source of classification or shelving scheme |
Library of Congress Classification |
| Koha item type |
Books |